000 01882nam0a2200421 4500
001 RU\NLR\bibl\744868
005 20250614004312.0
010 _a5-472-00210-9
_95000
021 _aRU
_b2004-67249
_93313
035 _aRSL-KNO-002493416
035 _a(NLR Aleph) 000734714
090 _a784757
_c784757
100 _a20041029d2004 |||y0rusy50 ca
101 0 _arus
102 _aRU
105 _ay |||||||||
106 _ar
200 1 _aОсновы менеджмента
_eответы на экзаменац. вопр.
_e[учеб. пособие для вузов]
_fА. В. Хворостенко, С. С. Шумал
210 _aМ.
_cЭкзамен
_d2004
_gГП Владимир. книж. тип.
215 _a157, [2] с.
_d20
225 1 _aСтуденту на экзамен
225 1 _aВопрос - Ответ
320 _aБиблиогр. в конце кн. (8 назв.)
606 1 _aМенеджмент
_jРуководства, пособия и т.п. для высшей школы
_91566100
_3RU\NLR\auth\66685658
606 1 _aМенеджмент
_jУчебные издания для высших учебных заведений
_91566100
_3RU\NLR\auth\66685658
610 0 _aЭкономика -- Российская Федерация -- Организация управления -- Учебное пособие для высшей школы
686 _aУ9(2)212я73-1
_2rubbk
686 _aУ21(0)я73
700 1 _aХворостенко
_bА. В.
_gАлександр Витальевич
_4070
701 1 _aШумал
_bС. С.
_gСветлана Сергеевна
_4070
801 0 _aRU
_bRuMoRKP
_c20041029
_grcr
801 1 _aRU
_bRuMoRGB
_c20041029
801 2 _aRU
_bNLR
_c20050406
_gPSBO
830 _aАвт. по кн.
942 _cBOOK
980 _aNB